00297nam a2200121Ia 4500008004100000082001700041100001700058245004400075250000900119260002300128300000800151650001600159191201s2009 xx 000 0 und d a005.133bECT aEckel, Bruce 0aThinking in C++ : Practical Programming aimp. aN.DelhibPHIc2009 a824 aB.Tech(CSE)